Calculus of variations /

Guardado en:
Autor Principal: Bliss, Gilbert Ames, 1876-1951.
Formato: Libro
Idioma:English
Publicado: La Salle, Ill. : Published for the Mathematical Association of America by Open Court Pub. Co., 1925.
Series:The Carus mathematical monographs ; 1
Materias:
Etiquetas: Agregar Etiqueta
Sin Etiquetas, Sea el primero en etiquetar este registro!
LEADER 00703cam a22001935a 4500
001 MAT.inmabb002864
008 730103s1925####ilua#####b####001#0#eng##
005 20120427153546.0
245 1 0 |a Calculus of variations /  |c by Gilbert Ames Bliss. 
260 |a La Salle, Ill. :  |b Published for the Mathematical Association of America by Open Court Pub. Co.,  |c 1925. 
300 |a xiii, 189 p. :  |b il. ;  |c 20 cm. 
440 4 |a The Carus mathematical monographs ;  |v 1 
504 |a Bibliografía: p. 180-181. 
100 1 |a Bliss, Gilbert Ames,  |d 1876-1951. 
650 0 |a Calculus of variations. 
084 |a 49-01  |2 msc2000 
010 |a  25010087  
040 |a DLC  |c ODaWU  |d OCoLC  |d DLC 
859 |h 49  |i B649  |p A-5452  |b BIB. MATEMATICA